000
00279nam a2200121Ia 4500
008
190216s9999||||xx |||||||||||||| ||und||
100
_a
Punindra Natha Chouidary
245
0
_a
Hindi-Bharath Ke Mahan Santh
260
_b
Aksharam
300
_a
38
650
_a
Hindi
942
_c
BK
999
_c
16282
_d
16282